Curry means more / (Record no. 413909)
[ view plain ]
| 000 -LEADER | |
|---|---|
| fixed length control field | 03080nam a2200577 i 4500 |
| 001 - CONTROL NUMBER | |
| control field | 3513768 |
| 005 - DATE AND TIME OF LATEST TRANSACTION | |
| control field | 20251126135801.0 |
| 008 - FIXED-LENGTH DATA ELEMENTS--GENERAL INFORMATION | |
| fixed length control field | 251015s2025 nyua b 000 1 eng d |
| 010 ## - LIBRARY OF CONGRESS CONTROL NUMBER | |
| LC control number | 2024947157 |
| 020 ## - INTERNATIONAL STANDARD BOOK NUMBER | |
| International Standard Book Number | 9781662620294 : |
| Terms of availability | $18.99 |
| 020 ## - INTERNATIONAL STANDARD BOOK NUMBER | |
| International Standard Book Number | 1662620292 : |
| Terms of availability | $18.99 |
| 020 ## - INTERNATIONAL STANDARD BOOK NUMBER | |
| Cancelled/invalid ISBN | 9781662620300 |
| 035 ## - SYSTEM CONTROL NUMBER | |
| System control number | (OCoLC)1511480432 |
| 035 ## - SYSTEM CONTROL NUMBER | |
| System control number | (OCoLC)on1511480432 |
| 040 ## - CATALOGING SOURCE | |
| Original cataloging agency | PABRO |
| Language of cataloging | eng |
| Description conventions | rda |
| Transcribing agency | PABRO |
| 050 #4 - LIBRARY OF CONGRESS CALL NUMBER | |
| Classification number | PZ7.1.M37127 |
| Item number | Cur 2025 |
| 082 04 - DEWEY DECIMAL CLASSIFICATION NUMBER | |
| Classification number | [E] |
| Edition number | 23 |
| 092 ## - LOCALLY ASSIGNED DEWEY CALL NUMBER (OCLC) | |
| Classification number | children nonfiction |
| Item number | Marianayagam |
| 100 1# - MAIN ENTRY--PERSONAL NAME | |
| Personal name | Marianayagam, Maria, |
| Relator term | author. |
| 9 (RLIN) | 6556747 |
| 245 10 - TITLE STATEMENT | |
| Title | Curry means more / |
| Statement of responsibility, etc | Maria Marianayagam ; illustrated by Geeta Ladi. |
| 250 ## - EDITION STATEMENT | |
| Edition statement | First edition. |
| 264 #1 - Production, Publication, Distribution, Manufacture, and Copyright Notice. | |
| Place of production, publication, distribution, manufacture | New York : |
| Name of producer, publisher, distributor, manufacturer | Astra Young Readers, an imprint of Astra Books for Young Readers, |
| Date of production, publication, distribution, manufacture, or copyr | [2025] |
| 300 ## - PHYSICAL DESCRIPTION | |
| Extent | 1 volume (unpaged) : |
| Other physical details | color illustrations ; |
| Dimensions | 29 cm |
| 336 ## - Content Type | |
| Content type term | text |
| 337 ## - Media type | |
| Media type term | unmediated |
| 338 ## - Carrier type | |
| Carrier type term | volume |
| 520 ## - SUMMARY, ETC. | |
| Summary, etc | When Shirin's friend Charlotte asks what curry is, Shirin realizes she's not sure-she's tried many curries and they're all so different. So Shirin's mom invites them to explore the fragrant world of curry by helping her cook a curry dish. Together, the two girls sniff tangy curry leaves, roll mustard seeds like tiny pearls in their palms, and watch with wonder as Shirin's mom measures ingredients with heart and hand. Over the course of the afternoon, the girls discover that the dish isn't just a form of sustenance-it's the scent of home, a piece of wisdom shared between generations, an art open to invention, and it's flavored with love. With delicious writing and imaginative illustrations, Curry Means More showcases the simple yet transformative magic of a home-cooked meal. |
| 521 1# - TARGET AUDIENCE NOTE | |
| Target audience note | 3-8 |
| Source | Brodart. |
| 521 2# - TARGET AUDIENCE NOTE | |
| Target audience note | P-3 |
| Source | Brodart. |
| 650 #0 - SUBJECT ADDED ENTRY--TOPICAL TERM | |
| Topical term or geographic name as entry element | Cooking (Curry) |
| Form subdivision | Juvenile fiction. |
| 9 (RLIN) | 6556748 |
| 650 #0 - SUBJECT ADDED ENTRY--TOPICAL TERM | |
| Topical term or geographic name as entry element | Food habits |
| Form subdivision | Juvenile fiction. |
| 650 #0 - SUBJECT ADDED ENTRY--TOPICAL TERM | |
| Topical term or geographic name as entry element | Friendship |
| Form subdivision | Juvenile fiction. |
| 9 (RLIN) | 5673647 |
| 650 #0 - SUBJECT ADDED ENTRY--TOPICAL TERM | |
| Topical term or geographic name as entry element | Mothers and daughters |
| Form subdivision | Juvenile fiction. |
| 9 (RLIN) | 5675897 |
| 650 #1 - SUBJECT ADDED ENTRY--TOPICAL TERM | |
| Topical term or geographic name as entry element | Cooking |
| Form subdivision | Fiction. |
| 9 (RLIN) | 5686524 |
| 650 #1 - SUBJECT ADDED ENTRY--TOPICAL TERM | |
| Topical term or geographic name as entry element | Food habits |
| Form subdivision | Fiction. |
| 9 (RLIN) | 5682444 |
| 650 #1 - SUBJECT ADDED ENTRY--TOPICAL TERM | |
| Topical term or geographic name as entry element | Friendship |
| Form subdivision | Fiction. |
| 9 (RLIN) | 5673769 |
| 650 #1 - SUBJECT ADDED ENTRY--TOPICAL TERM | |
| Topical term or geographic name as entry element | Mothers and daughters |
| Form subdivision | Fiction. |
| 9 (RLIN) | 5673712 |
| 650 #1 - SUBJECT ADDED ENTRY--TOPICAL TERM | |
| Topical term or geographic name as entry element | Picture books. |
| 650 #7 - SUBJECT ADDED ENTRY--TOPICAL TERM | |
| Topical term or geographic name as entry element | JUVENILE FICTION / Cooking & Food. |
| Source of heading or term | bisacsh |
| 9 (RLIN) | 5713192 |
| 650 #7 - SUBJECT ADDED ENTRY--TOPICAL TERM | |
| Topical term or geographic name as entry element | JUVENILE FICTION / Family / Parents. |
| Source of heading or term | bisacsh |
| 9 (RLIN) | 5675880 |
| 650 #7 - SUBJECT ADDED ENTRY--TOPICAL TERM | |
| Topical term or geographic name as entry element | JUVENILE FICTION / Asian American & Pacific Islander. |
| Source of heading or term | bisacsh |
| 9 (RLIN) | 6488258 |
| 655 #7 - INDEX TERM--GENRE/FORM | |
| Genre/form data or focus term | Picture books. |
| Source of term | lcgft |
| 700 1# - ADDED ENTRY--PERSONAL NAME | |
| Personal name | Ladi, Geeta, |
| Relator term | illustrator. |
| 9 (RLIN) | 6556749 |
| 942 ## - ADDED ENTRY ELEMENTS (KOHA) | |
| Source of classification or shelving scheme | Dewey Decimal Classification |
| Koha item type | BOOK |
| Withdrawn status | Lost status | Source of classification or shelving scheme | Damaged status | Not for loan | Collection code | Home library | Current library | Shelving location | Date acquired | Source of acquisition | Total Checkouts | Full call number | Barcode | Date last seen | Date checked out | Cost, replacement price | Price effective from | Koha item type |
|---|---|---|---|---|---|---|---|---|---|---|---|---|---|---|---|---|---|---|
| Dewey Decimal Classification | Children NonFiction | Wasatch County Library | Wasatch County Library | Main Floor Childrens Area | 11/26/2025 | Ingram | 2 | E Science Food Marianayagam | 34301002173807 | 01/16/2026 | 01/07/2026 | 18.99 | 11/26/2025 | BOOK |
